1817 1310 1406 1751 1860 1183 1261 1348 1958 1524 1834 1544 1740 1780 1985 1456 1778 1664 1531 1492 1625 1396 1914 1420 1352 1808 1550 1055 1254 1731 1554 1040 1953 1516 1119 1873 1682 1630 1014 1468 1994 1552 1627 1833 1443 1121 1750 1329 1867 1184 1853 1730 1327 1130 1409 1708 1874 1945 1869 1382 1340 1308 1666 1793 1482 1518 1034 1869 1608 1704 1598 1418 1673 1973 1140 1852 1859 1571 1797 1056 1340 1612 1822 1738 1479 1446 1854 1548 1227 1067 1876 1849 1078 1258 1784 1153 1888 1500 1245 BCNSPRNW ULIB Ver.6.0+V

เปลี่ยนเป็นภาษาไทย

Change to English
 แสดงรายละเอียดบรรณานุกรม
  กลับหน้าหลัก

Brief Record : Get Marc (ISO 2709) : E-mail record : QR code < ปิดหน้าต่าง
LEADER : 00000nam 2200000uu 4500
001    13399126604
003     ULIB
008    190122s2555||||th 000 0 tha d
020    ^a9789741113903
060 04 ^aWฺB105^bค695
245 00 ^aคู่มือแพทย์เวร /^cบรรณาธิการ, จารุพิมพ์ สูงสว่าง ...
250    ^aพิมพ์ครั้งที่ 3
260    ^aกรุงเทพฯ :^bโครงการตำรา-ศิริราช,^c2555
300    ^axxiv, 848 หน้า ;^c22 ซม.
440  0 ^aโครงการตำรา-ศิริราช
650  4 ^aแพทย์ฝึกหัดและแพทย์ประจำบ้าน^vคู่มือ
650  4 ^aอายุรศาสตร์^vคู่มือ
653    ^aผลงานอาจารย์คณะแพทยศาสตร์ศิริราชพยาบาล
700 0  ^aจารุพิมพ์ สูงสว่าง,^eบรรณาธิการ
710 2  ^aมหาวิทยาลัยมหิดล. ^bคณะแพทยศาสตร์ศิริราชพยาบา
945    ^p400^l0^i004807
945    ^p400^l0^i004806
999    ^aประนอม เกษจรัล
รายการนี้ยังไม่มีแท็ก
คุณยังไม่ได้ล็อกอิน คุณสามารถมีกิจกรรมร่วมกับเว็บไซต์ได้ แต่ต้องล็อกอินก่อน ::
  ล็อกอิน

รายการสื่อสารสนเทศ

ลำดับที่ ประเภท เลขเรียก/บาร์โค้ด สถานที่ สถานะ
1. วิทยาศาสตร์การแพทย์ และสุขภาพ
หนังสือสำรอง
สถานะ=หนังสือสำรอง
WฺB105 ค695 ฉ.1 
  Barcode: 004806
ห้องสมุดวิทยาเขตสวรรค์ประชารักษ์
►หนังสือทั่วไป
บนชั้น
2. วิทยาศาสตร์การแพทย์ และสุขภาพ
วิทยาศาสตร์การแพทย์ และสุขภาพ
WฺB105 ค695 ฉ.2 
  Barcode: 004807
ห้องสมุดวิทยาเขตสวรรค์ประชารักษ์
►ส่วนจัดเก็บหนังสือเก่า สปร
บนชั้น
  ขอยืม

BibComment


ยังไม่เคยถูกคอมเมนท์

คอมเมนท์ทรัพยากรรายการนี้
  คอมเมนท์: คู่มือแพทย์เวร ..


 Copyright 2026. Bcnsprnw @Library